000 00858cam a2200289 a 4500
001 499226
005 20180523085145.0
008 851122s1986 nyu b 000 0 eng
010 _a 85029928
020 _a0824507096
040 _aDLC
_cDLC
_dDLC
100 1 _aOden, Thomas C.
245 1 0 _aCrisis ministries /
_cby Thomas C. Oden.
260 _aNew York :
_bCrossroad,
_c1986.
300 _aix, 246 p. ;
_c24 cm.
336 _atext
337 _aunmediated
338 _avolume
490 _aClassical pastoral care series ;
_vv. 4
504 _aBibliography: p. 193-245.
650 0 _aPastoral counseling.
650 0 _aPastoral theology.
650 0 _aPastoral counseling
_xBio-bibliography.
650 0 _aPastoral theology
_xBio-bibliography.
800 1 _aOden, Thomas C.
_tClassical pastoral care series ;
_vv. 4.
942 _2lcc
_cBK
999 _c42096
_d42096